000 00660cam a2200217 4500
001 A334
008 090401t1990 xxu||||| |||| 00| 0 eng d
035 _a(Sirsi) u95383
041 _aeng
110 _aRoyal Institution of Chartered Surveyors
_94900
245 _aCourts and Legal Services Bill: amendments to the Bill
260 _bRICS
_c1990
300 _a10p
350 _a3
490 _aRICS Memorandum
_vGCPPA/Report(90)4
520 _aAmendments at the Committee stage in HL proposed by the RICS.
690 _aMANAGEMENT-BUSINESS MANAGEMENT-PROFESSIONAL PRACTICE
690 _aPROPERTY LAW AND PRACTICE
942 _n0
948 _c04/03/1997
999 _c98465
_d98465